Normal view
MARC view
- Mindess, Sidney.
Entry Personal Name
001 - CONTROL NUMBER
- control field: 1039
003 - CONTROL NUMBER IDENTIFIER
- control field: NUST
005 - DATE AND TIME OF LATEST TRANSACTION
- control field: 20170518112037.0
008 - FIXED-LENGTH DATA ELEMENTS
- fixed length control field: 170518|| aca||aabn | a|a d
040 ## - CATALOGING SOURCE
- Original cataloging agency: NUST
- Transcribing agency: NUST
100 ## - HEADING--PERSONAL NAME
- Personal name: Mindess, Sidney.
670 ## - SOURCE DATA FOUND
- Source citation: Work cat.: (NUST)0: Bentur, Arnon. 1035, Fibre reinforced cementitious composites /, 2007.
